Evaporative cooling of circulating water
Furkejuvvon:
| Váldodahkki: | |
|---|---|
| Materiálatiipa: | Girji |
| Giella: | eaŋgalasgiella |
| Almmustuhtton: |
Nueva York
Pergamon Press
1961
|
| Fáttát: | |
| Fáddágilkorat: |
Lasit fáddágilkoriid
Eai fáddágilkorat, Lasit vuosttaš fáddágilkora!
|
MARC
| LEADER | 00000nam a2200000 a 4500 | ||
|---|---|---|---|
| 001 | UCU5950 | ||
| 003 | CL-VaPUC | ||
| 008 | 960614e19610000US |||||||||||||||||eng|d | ||
| 082 | 0 | 4 | |a 621.56 |b BER |2 21 |
| 100 | 0 | |a Berman, L. D |e author |9 364054 | |
| 245 | 1 | 0 | |a Evaporative cooling of circulating water |
| 300 | |a 392 p | ||
| 942 | |c BK | ||
| 945 | |d 19960614 00:00:00 |a cmena | ||
| 260 | |a Nueva York |b Pergamon Press |c 1961 | ||
| 650 | 0 | |a Refrigeración |9 259343 | |
| 650 | 0 | |a Control de temperatura |9 364026 | |
| 650 | 0 | |a Agua industrial |9 363981 | |
| 650 | 0 | |a Condensación |9 360886 | |
| 650 | 7 | |a CONGELACION |2 CL-VaPUC |9 344459 | |
| 650 | 7 | |a ENFRIAMIENTO |2 CL-VaPUC |9 363841 | |
| 650 | 0 | |a Termodinámica |9 259320 | |
| 650 | 0 | |a Transmisión de calor |9 259410 | |
| 583 | |a last modification |c 19960614 00:00:00 |k Rodrigo Vera | ||
| 999 | |c 249081 |d 249079 | ||
| 952 | |0 0 |1 0 |4 0 |6 621_560000000000000_BER_1961 |7 0 |8 A |9 266111 |a BIBING |b BIBING |d 2019-11-19 |i 1688405 |o 621.56 BER 1961 |p 1688405 |r 2025-01-20 |w 2019-11-19 |y BK |k EIQ | ||